Former USSR Soviet Countries by Current Population - Statistics

General Stats
  • This quiz has been taken 494 times
  • The average score is 11 of 15
Answer Stats
Population Country % Correct
146,171,015 Russia
100%
41,527,205 Ukraine
99%
34,836,224 Uzbekistan
85%
18,917,176 Kazakhstan
84%
9,349,645 Belarus
77%
10,122,148 Azerbaijan
74%
9,313,800 Tajikistan
72%
6,653,600 Kyrgyzstan
69%
2,787,658 Lithuania
68%
3,716,858 Georgia
67%
6,118,000 Turkmenistan
67%
2,967,900 Armenia
66%
1,329,460 Estonia
66%
1,889,000 Latvia
66%
2,640,438 Moldova
63%
No matching quizzes found
Score Distribution
Percent of People with Each Score
Percentile by Number Answered
Your Score History
You have not taken this quiz